Регионална библиотека "Любен Каравелов" - Русе

Таванът | Смет за сливи (Запис номер 490415)

MARC детайли
000 -Лидер
Контролно поле с фиксирана дължина nam a22 a 4500
003 - Код на организацията, давaща контролен номер
Контролно поле BLK
005 - Дата и час на последна редакция
Контролно поле 20230404091624.0
008 - Елементи от данни с фиксирана дължина
fixed length control field 230404b bu |||||||||| 00| | bu d
040 ## - Източник на каталожния запис
Идентификатор на билиотеката - собственик на записа BLK
041 ## - Код за език
Код за езика на текст/звукозапис или на отделно заглавие Български
Код за езика КДБФ Български
080 ## - УДК
Текстов определител УДК Българска литература
УДК код - определител по УДК 821.163.2
УДК определител (092)
УДК - код + определител 821.163.2(092)
080 ## - УДК
Текстов определител УДК Биографии - България
УДК код - определител по УДК 929(497.2)
УДК - код + определител 929(497.2)
100 ## - Редна дума - Автор
R(LIN) 243858
Автор Дамянов, Дамян Петров
Авторска отговорност първи автор
139 ## - Редно поле
Редна дума Дамянов, Дамян Петров
Авторски знак Дам - Д 15
245 ## - Сведения за заглавието
Заглавие Таванът
Подзаглавни данни Почти роман
Редно поле (дума) Дамян П. Дамянов
245 ## - Сведения за заглавието
Заглавие Смет за сливи
Редно поле (дума) Надежда Захариева
260 ## - Област на издателските данни
9 (RLIN) 210117
Място на издаване, разпространение и проч. София
Име на издателя, разпространителя и проч. Мис 69
Година на издаване 2000
Издателство - префикс ISBN 954-90764-
300 ## - Физическа характеристика
Страници 520 с.
Размери/Мащаб 21 см
380 ## - Жанр
Жанр Худож. лит.
600 14 - Име на лице, използвано като предмет
9 (RLIN) 58198
За него / За нея Дамянов, Дамян Петров
600 #0 - Име на лице, използвано като предмет
9 (RLIN) 367356
За него / За нея Захариева, Надежда Григорова
650 #7 - Допълнително описание по предмет – тема
9 (RLIN) 152769
Основно описание – тема или топоним Дамянов, Дамян Петров
650 #0 - Допълнително описание по предмет – тема
9 (RLIN) 241945
Основно описание – тема или топоним Поети, български
653 #7 - Ключова дума – ненормативна
9 (RLIN) 184568
Ключова дума Дамян Дамянов
653 #7 - Ключова дума – ненормативна
9 (RLIN) 191651
Ключова дума Надежда Захариева
700 ## - Други автори (авторска отговорност)
9 (RLIN) 1445
Лично име Захариева, Надежда Григорова
Автороска отговорност (Описва отношението между автора и произведението) съавт.
856 ## - Електронен адрес и достъп
Инструкция (цена за достъп) 0.00
Права за достъп disable
999 ## - СИСТЕМНИ КОНТРОЛНИ НОМЕРА
Koha biblionumber 490415
Koha biblioitemnumber 490415
942 ## - АРТИКУЛИ
Вид на библиотечния материал Книги
Скрит в OPAC Не
Периодичен библиозапис Да
944 ## - СЪЗДАВАНЕ И РЕДАКЦИЯ на ЗАПИСА
Създаване/Редакция Създаване
Дата на регистрацията/редакция 2023-04-04
Служител, извършил регистрацията/редакцията ВП
Наличности
Код за отписване Код за изгубен артикул Източник на класификационната схема Код за повреда Коз за рестрикции Код за отдаване Артикулен № Име на библиотеката - собственик Име на библиотеката, в която се намира в момента Статус (Текущо местоположение) Дата на вписване в системата Местоположение - отдел Цена в лева Инвентарен номер Систематично азбучна сигнатура Баркод Цена в евро Служебен тип на артикула
  Не е изгубен Universal Decimal Classification Не е повреден само за читалня ползва се в читалня 926582 Регионална библиотека "Любен Каравелов" Русе Регионална библиотека "Любен Каравелов" Русе Хранилище 2023-04-04 Основен фонд - ползва се само за читалня 15.00 120000885845 Цб 317275 120000885845 7.67 Книги
Vip Innovations Ltd, Rousse, Bulgaria 2025